000 01036nam a2200313 a 4500
001 vtls000224552
003 NLI
005 20210602122659.0
008 101126s1977 nju 001 0 eng
020 _a0131933426 :
_cUSD 12.95
039 9 _y201011260158
_zVLOAD
040 0 _aNLI
_beng
_cDatasoft 1
_eAACR2
041 0 _aeng
044 _anju
082 0 4 _a343.10973
100 1 _aWells, Kenneth M.
_9330819
245 1 0 _aCriminal procedure and trial practice /
_cKenneth M. Wells [and] Paul B. Weston
260 _aEnglewood Cliffs, N.J. :
_bPrentice-Hall,
_cc1977
300 _axii, 287 p. ;
_c24 cm.
500 _aIncludes index
650 0 _aCriminal procedure
_zUnited States
_9407971
650 0 _aTrial practice
_zUnited States
_9407461
700 1 _aWeston, Paul B.,
_4jt. aut
_9330814
887 _a
901 _a437313
_b14.09.1977
902 _aE 343.10973 W 462
999 _aVIRTUA40
_c228331
_d228331
942 _2ddc
_cBKS
999 _aVTLSSORT0080*0200*0400*0410*0440*0820*1000*2450*2600*3000*5000*6500*6501*7000*9010*9020*9490*9991